Statistics for Moghol Ethnic Group Quiz

Click here to take the quiz!

General Stats

  • This quiz has been taken 2 times
  • The average score is 5 of 7

Answer Stats

HintAnswer% Correct
Modern country in which Moghols liveAfghanistan
100%
Language spoken by most MogholsDari Persian
100%
Historic conqueror who is said to have brought the Moghols to where they now live as part of his armyGenghis Khan
100%
Predominate religionSunni Islam
100%
Primary province in which are Moghols known to liveHerat
50%
Villages where Moghols now liveKarez-i-Mulla
0%
Villages where Moghols now liveKundur
0%

Score Distribution

Percentile by Number Answered

Percent of People with Each Score

Your Score History

You have not taken this quiz